000 00236nam a2200121Ia 4500
100 _a#N/A
650 _aComputer/ IT
942 _cBK
654 _avisualisation
245 _aVirtualisatian Tools
260 _b#N/A
546 _aENGLISH
999 _c27037
_d27037